000 00621nam a2200229Ia 4500
003 OSt
005 20220923230442.0
006 a|||||r|||| 00| 0
007 ta
008 Pun
024 _a282,071
037 _cTextual
040 _aARTS
_cARTS
_bPun
041 _2Pun
_aPun
082 _aO158,3N191x, L7
100 _aਅੰਮ੍ਰਿਤਾ ਪ੍ਰੀਤਮ
245 0 _aਲਟੀਆ ਦੀ ਛੋਕਰੀ
260 _c1977
650 _aਪੰਜਾਬੀ ਸਾਹਿਤ
942 _hO158,3N191x, L7
_cTEXL
_2CC
999 _c384908
_d384908